Zhodnotenie potenciálu rozvoja cestovného ruchu vo vybranom meste diplomová práca

Saved in:
Bibliographic Details
Main Author: Repová, Veronika
Corporate Author: Obchodná fakulta EU. Katedra cestovného ruchu
Other Authors: Mura, Ladislav, 1979-
Format: Book
Language:Slovak
Published: Bratislava 2025
Tags: Add Tag
No Tags, Be the first to tag this record!

MARC

LEADER 00000nbm a2200000 4500
001 0310154
005 20260323091723.4
041 0 |a slo 
044 |a SK 
245 1 0 |a Zhodnotenie potenciálu rozvoja cestovného ruchu vo vybranom meste  |b diplomová práca  |c Veronika Repová ; školiteľ: Ladislav Mura 
264 1 |a Bratislava  |c 2025 
300 |a 84 s. 
100 1 |a Repová, Veronika 
700 1 |a Mura, Ladislav, 1979- 
710 2 |a Obchodná fakulta EU. Katedra cestovného ruchu